MARC

LEADER 00000nmm0a2200000 4500
001 157578
005 20231101221956.0
010 |a 0521677467 
035 |a (RuTPU)RU\TPU\book\170922 
090 |a 157578 
100 |a 20090409d2006 m y0engy50 ba 
101 0 |a eng 
102 |a US 
105 |a a j 001zy 
200 1 |a English Vocabulary in Use. Advanced  |f M. McCarthy, F. O'Dell 
210 |a New York  |c Cambridge University Press  |d 2006 
215 |a 315 p.  |c ил.  |e CD-ROM 
320 |a Index: p. 293-314. 
606 1 |a Английский язык  |x Учебные руководства и пособия  |x Пособия по развитию речи, разговорники  |2 stltpush  |3 (RuTPU)RU\TPU\subj\29074  |9 52486 
610 1 |a лексика 
610 1 |a разговорная речь 
610 1 |a упражнения 
610 1 |a CD-ROM 
686 |a Ш143.21-923.4  |v LBC/SL-A  |2 rubbk 
700 1 |a McCarthy  |b M.  |g Michael 
701 1 |a O'Dell  |b F.  |g Felicity 
801 1 |a RU  |b 63413507  |c 20090409  |g PSBO 
801 2 |a RU  |b 63413507  |c 20221208  |g PSBO 
942 |c MX